000 00375nam a22001697a 4500
005 20160622123010.0
008 160622b xxu||||| |||| 00| 0 eng d
020 _a978-0-07-059-953-6
041 _aeng
082 _b9209
100 _aSaxena, Rajan
_91416
245 _aMarketing Management
260 _bTMH
300 _a758
650 _aManagement
_9241
942 _cBK
999 _c3560
_d3559